000 00915cam a2200301 i 4500
001 3157075
003 OSt
005 20230703160958.0
008 741104s1974 enk 001 0 eng
010 _a 74186836
015 _aGB74-19275
020 _c£5.20
040 _aDLC
_cDLC
_dDLC
050 0 0 _aKD919
_b.W4 1974
082 0 0 _a346/.42/0434
_bWES
100 1 _aWest, William Alexander.
245 1 4 _aThe law of dilapidations :
_bwith some hints on practice.
250 _a7th ed. /
_bby W. A. West.
260 _aLondon :
_bEstates Gazette,
_c1974.
300 _axxi, 360 p. ;
_c23 cm.
500 _aPrevious ed. by B. W. Adkin.
500 _aIncludes index.
650 0 _aDilapidations
_zGreat Britain.
650 0 _aWaste (Law)
_zGreat Britain.
700 1 _aAdkin, Benaiah W.
_q(Benaiah Whitley).
_tLaw of dilapidations.
906 _a7
_bcbc
_corignew
_d3
_encip
_f19
_gy-gencatlg
942 _2ddc
_cBK
999 _c3492
_d3492